10 fêtes traditionnelles - Statistiques

Statistiques générales
  • Ce quiz a été pris 62 fois
  • Le résultat moyen est 3 sur 10
Statistiques - réponses
Pays Fête % Correct
Chine Nouvel An
67%
Brésil Carnaval de Rio
59%
Irlande Saint-Patrick
53%
Allemagne Oktoberfest
38%
Inde Holi
22%
Espagne Fêtes de San Fermín à Pampelune
7%
France fête de baronne
3%
Thaïlande Songkran
3%
Corée du Sud Boryeong Mud Festival
2%
Espagne Tomatina à Buñol
0%
Aucun quiz correspondant
Distribution des résultats
% des personnes avec chaque résultat
Percentile par nombre de réponses
Votre historique - résultats
Vous n’avez pas pris ce quiz